[Event "DEM 2017"]
[Site "?"]
[Date "2017.06.24"]
[Round "2.12"]
[White "Schmidt-Schäffer, Sebastian"]
[Black "Goepfert, Jakob"]
[Result "1/2-1/2"]
[WhiteElo "2381"]
[BlackElo "2109"]
[PlyCount "169"]
[EventDate "2017.??.??"]
[WhiteClock "0:01:56"]
[BlackClock "0:19:15"]

1. d4 Nf6 2. Nf3 c5 3. d5 g6 4. Nc3 Bg7 5. e4 d6 6. h3 O-O 7. Bc4 b5 8. Nxb5
Nxe4 9. O-O a6 10. Na3 Nd7 11. Re1 Nef6 12. Bb3 Nb6 13. c4 a5 14. Bd2 Nfxd5 15.
cxd5 a4 16. Bc2 Bxb2 17. Nb5 Bxa1 18. Qxa1 f6 19. Bh6 Rf7 20. Qb1 Kh8 21. Nc3
Bb7 22. Be4 Rb8 23. Qd3 Qe8 24. Nd2 Ra8 25. Qg3 e5 26. dxe6 Qxe6 27. Re3 Bxe4
28. Ndxe4 Qd7 29. Nxd6 Re7 30. Nce4 Nd5 31. Rd3 Qc6 32. Qf3 f5 33. Ng3 Nb4 34.
Qxc6 Nxc6 35. Be3 Nb4 36. Rd2 Re5 37. a3 Rd5 38. axb4 Rxd2 39. Bxd2 cxb4 40.
Bxb4 a3 41. Bxa3 Rxa3 42. f3 Ra2 43. Kf1 Kg7 44. Ne2 Kf6 45. g3 Ke6 46. Nb5
Ra1+ 47. Kf2 Kd5 48. Ke3 Ke5 49. h4 Rh1 50. Nbd4 Ra1 51. Nf4 Ra3+ 52. Nd3+ Kf6
53. f4 Rc3 54. Nf3 Rc4 55. Nfe5 Ra4 56. Nd7+ Ke7 57. N7c5 Rc4 58. Nb3 Rc3 59.
Nd4 Ra3 60. Nf3 Ra4 61. Ng5 h6 62. Nf3 Re4+ 63. Kf2 Kf6 64. Nde5 Ra4 65. Nd7+
Kg7 66. Nfe5 Ra2+ 67. Kf3 Ra3+ 68. Kg2 Ra2+ 69. Kh3 Rc2 70. Nf3 Rf2 71. Nde5
Ra2 72. h5 g5 73. fxg5 hxg5 74. Nxg5 Kh6 75. Kh4 Ra4+ 76. g4 fxg4 77. Nef7+ Kg7
78. h6+ Kg6 79. h7 Ra8 80. Kg3 Ra3+ 81. Kxg4 Ra4+ 82. Kf3 Rh4 83. h8=R Rxh8 84.
Nxh8+ Kxg5 85. Ke4 1/2-1/2

[Event "DEM 2017"]
[Site "?"]
[Date "2017.06.25"]
[Round "3.1"]
[White "Bischoff, Klaus"]
[Black "Nisipeanu, Liviu-Dieter"]
[Result "0-1"]
[WhiteElo "2504"]
[BlackElo "2683"]
[PlyCount "141"]
[EventDate "2017.??.??"]
[WhiteClock "0:10:24"]
[BlackClock "0:06:14"]

1. d4 Nf6 2. c4 e6 3. Nf3 d5 4. Nc3 Bb4 5. cxd5 exd5 6. Bg5 h6 7. Bxf6 Qxf6 8.
Qb3 Qb6 9. a3 Ba5 10. Qc2 Bf5 11. Qc1 Qd6 12. b4 Bb6 13. e3 O-O 14. Be2 c6 15.
O-O Nd7 16. Qb2 Bc7 17. Rfc1 Bg4 18. g3 Rfe8 19. Ne1 Bxe2 20. Qxe2 Nb6 21. Nd3
Nc4 22. a4 a6 23. a5 Qf6 24. Nc5 Nd6 25. Kg2 Re7 26. Qf3 Qg6 27. Ne2 Ne4 28.
Nf4 Bxf4 29. Qxf4 Rae8 30. Ra2 h5 31. Re2 Nd6 32. Rce1 Nf5 33. Kf1 Kh7 34. h3
Kg8 35. h4 Kh7 36. Qf3 Kh8 37. Qf4 Kg8 38. Qf3 Kh7 39. Qf4 Rd8 40. Rd2 Rde8 41.
Rde2 f6 42. Qf3 Nd6 43. Kg2 Nf5 44. Kf1 Kg8 45. Qf4 Qh7 46. Kg1 Rf8 47. e4 Nxd4
48. Rd2 g5 49. Qe3 Nf5 50. Qb3 Nd6 51. hxg5 Nxe4 52. gxf6 Nxd2 53. fxe7 Nxb3
54. Nd7 Re8 55. Nf6+ Kf7 56. Nxh7 Rxe7 57. Ng5+ Kf6 58. Rxe7 Kxe7 59. Nh3 c5
60. bxc5 Nxa5 61. Nf4 d4 62. Nxh5 Nb3 63. Nf4 Nxc5 64. Kf1 a5 65. Ke2 b5 66.
Nd3 Kd6 67. g4 Nxd3 68. Kxd3 Kd5 69. g5 b4 70. g6 Ke6 71. Kxd4 0-1